000
00287nam a22001337a 4500
020
_a
0-7868-4619-4
082
_a
823
_b
DIS/B
100
_a
LIZZIE MCGUIRE
245
_a
BEST DRESSED
260
_a
USA
_b
DISNEY PRESS
300
_a
138
650
_a
DO THE CLOTHES MAKE THE GIRL?
942
_c
BK
999
_c
462
_d
462